000 00599nam a2200217Ia 4500
008 101110s9999 xx 000 0 und d
041 _aENGLISH
082 _bJR6174
100 _aMaharashtra State Board of Secondary & higher Secondary Education, Pune
245 _aChemistry Std. XI
260 _c2009
_bMaharashtra Rajya Madhyamik & Uchha Madhyamik Shikshan Mandal,Pune
300 _a185
365 _b61
520 _achemistry
546 _aENGLISH
630 _aChemistry Std. XI
650 _achemistry
655 _achemistry
730 _aChemistry Std. XI
942 _cBOOK
999 _c796967
_d796964